000 00361 a2200157 4500
001 49688
020 _a8590684503
040 _cAnchieta - Bela Vista
100 _aSantos, Ana Lúcia de Souza
240 1 0 _aHistórias da vovó Ana
_lpor
245 1 0 _aHistórias da vovó Ana
300 _a60
362 0 _a2006
650 4 _aLiteratura juvenil
942 _cBK
999 _c49688
_d49688